000 00632nam a2200253 a 4500
001 nice12345678
003 IN_TiNIC
005 20260116014216.0
008 070430s2003 dela grp 000 0 eng
020 _a8178292289
_c320
082 0 0 _a302.2
_bSHA
100 _aSharma, Mukul
245 _aImproving People`s Lives
_bLessons in Empowerment from Asia
260 _aDelhi
_bSage Pub
_c2003
300 _a208
500 _aincludes index and biblioraphy
505 2 _aIndex
650 _aNGOS
650 _aCommunity-Development
700 1 _aSharma, Mukul
902 _bSRS
942 _cBK
999 _c14332
_d14332